| 000 | 00764nam a22002417a 4500 | ||
|---|---|---|---|
| 005 | 20170124105933.0 | ||
| 010 | _aB-059661 | ||
| 020 |
_c00.00 _a8121510074 |
||
| 035 | _aB-059661 | ||
| 037 | _bCen Lib/Ret | ||
| 040 |
_aDPL _bEN |
||
| 082 |
_a230.1 _bGUP |
||
| 100 |
_aGupta, Shakti M. _98782 |
||
| 245 |
_aPlant myths and traditions in India / _cby Shakti M Gupta |
||
| 250 | _arev. enl. ed | ||
| 260 |
_aNew Delhi _bMunshiram Manoharlal _c2001 |
||
| 270 |
_aPost Box 5715, 54 Rani Jhansi Road _bNew Delhi _e110055 |
||
| 300 |
_axxv,112p.: _c23cm(Hb) _bill. |
||
| 500 | _aIncludes bibliographical references and index | ||
| 650 |
_aBotany -- India -- Folklore _98783 |
||
| 650 |
_aHindu mythology _98784 |
||
| 942 |
_2ddc _cEN _h230.1 _mGUP |
||
| 999 |
_c123979 _d123979 |
||